书目信息 |
| 题名: |
儿童英语素养提升教学实践研究
|
|
| 作者: | 王英 , 陈月仙 , 逯凌虹 著 | |
| 分册: | ||
| 出版信息: | 合肥 中国科学技术大学出版社 2020.12 |
|
| 页数: | 143页 | |
| 开本: | 24cm | |
| 丛书名: | 基础教育课程创新实践与教师专业发展丛书 | |
| 单 册: | ||
| 中图分类: | H319.31 , G623.31 | |
| 科图分类: | ||
| 主题词: | 教育--各级--儿童教育--教学研究 | |
| 电子资源: | ||
| ISBN: | 978-7-312-04959-0 | |
| 000 | 01154nam2 2200301 45 | |
| 001 | 012001003086 | |
| 005 | 20210923104113.50 | |
| 010 | @a978-7-312-04959-0@dCNY43.00 | |
| 100 | @a20210218d2020 em y0chiy0110 ea | |
| 101 | 0 | @achi@aeng |
| 102 | @aCN@b340000 | |
| 105 | @aa z 000yy | |
| 106 | @ar | |
| 200 | 1 | @a儿童英语素养提升教学实践研究@Aer tong ying yu su yang ti sheng jiao xue shi jian yan jiu@f王英, 陈月仙, 逯凌虹著 |
| 210 | @a合肥@c中国科学技术大学出版社@d2020.12 | |
| 215 | @a143页@c图,照片@d24cm | |
| 225 | 2 | @a基础教育课程创新实践与教师专业发展丛书 |
| 330 | @a本书包含儿童英语教学理论、儿童英语语言技能教学(听、说、读、写)、儿童英语文化教学三部分内容。技能教学的每一节均有案例分析,文化教学的每一节都有中外文化对比和感受。 | |
| 410 | 0 | @12001 @a基础教育课程创新实践与教师专业发展丛书 |
| 461 | 0 | @12001 @a基础教育课程创新实践与教师专业发展丛书 |
| 606 | 0 | @a教育@x各级@x儿童教育@x教学研究 |
| 690 | @aH319.31@v5 | |
| 690 | @aG623.31@v3 | |
| 701 | 0 | @a王英@Awang ying@4著 |
| 701 | 0 | @a陈月仙@Achen yue xian@4著 |
| 701 | 0 | @a逯凌虹@Alu ling hong@4著 |
| 801 | @aCN@bAHXH@c20210922 | |
| 905 | @b1283391-5@dG623.31@e2058@f5 | |
| 儿童英语素养提升教学实践研究/王英, 陈月仙, 逯凌虹著.-合肥:中国科学技术大学出版社,2020.12 |
| 143页:图,照片;24cm.-(基础教育课程创新实践与教师专业发展丛书) |
| ISBN 978-7-312-04959-0:CNY43.00 |
| 本书包含儿童英语教学理论、儿童英语语言技能教学(听、说、读、写)、儿童英语文化教学三部分内容。技能教学的每一节均有案例分析,文化教学的每一节都有中外文化对比和感受。 |
| ● |
| 相关链接 |
|
|
|
|
正题名:儿童英语素养提升教学实践研究
索取号:G623.31/2058
 
预约/预借
| 序号 | 登录号 | 条形码 | 馆藏地/架位号 | 状态 | 备注 |
| 1 | 1283391 | 212833914 | 第一样本阅览室/ [索取号:G623.31/2058] | 在馆 | |
| 2 | 1283392 | 212833923 | 教育系资料室/ [索取号:G623.31/2058] | 在馆 | |
| 3 | 1283393 | 212833932 | 教育系资料室/ [索取号:G623.31/2058] | 在馆 | |
| 4 | 1283394 | 212833941 | 第四借阅区/ [索取号:G623.31/2058] | 在馆 | |
| 5 | 1283395 | 212833950 | 第四借阅区/ [索取号:G623.31/2058] | 在馆 |